• 首页
  • 本馆介绍
  • 公告通知
  • 最新文献
  • 馆藏检索
  • 电子资源
  • 读者导购
  • 参考咨询
  • 我的图书馆
  • 登录
  • 详细信息显示
  • 放入我的书架
  • 预约/预借图书
  • 作者相关作品
  • 分类相关作品
  • 丛书相关作品
  • 出版社相关作品

书目信息

  • 表格格式
  • 工作单格式
  • 卡片格式
题名:
中国人民解放军大事记
    
 
作者: ;中国人民解放军军事科学院 编
分册:  
出版信息: 北京   军事科学出版社  1983.11
页数: 423页
开本: 20cm
丛书名:
单 册:
中图分类: E2
科图分类:
主题词: 军事--中国
电子资源:
ISBN:
000 00673nam0 2200217 45
001 0301030875
005 20031219104102.7
010    @b精装@dCNY2.80
091    @a11291.01
100    @a20030103d1983 km y0chiy0120 ea
101 0  @achi
105    @a z 000yy
200 1  @a中国人民解放军大事记@AZhong Guo Ren Min Jie Fang Jun Da Shi Ji@e1927-1982@f中国人民解放军军事科学院编@FZhong Guo Ren Min Jie Fang Jun Jun Shi Ke Xue Yuan Bian
210    @a北京@c军事科学出版社@d1983.11
215    @a423页@d20cm
517    @a1927-1982
606 0  @a军事@x中国
690    @aE2@v3
711 02 @a中国人民解放军军事科学院@4编
801    @aCN@bTSTC@c20030103
905    @f1@b137466@dE2@e1
    
    中国人民解放军大事记:1927-1982/中国人民解放军军事科学院编.-北京:军事科学出版社,1983.11
    423页;20cm
    
    
    ISBN (精装):CNY2.80
    
●
相关链接 在E读中查询图书 在五车中查询图书 在当当中查询图书 在豆瓣中查询图书


正题名:中国人民解放军大事记     索取号:E2/1         预约/预借

序号 登录号 条形码 馆藏地/架位号 状态 备注
1 0137466   001260334   密集书库/ [索取号:E2/1] 在馆    
2 0137467   002057151   第一样本阅览室/ [索取号:E2/1] 在馆    
唐山师范学院图书馆 欢迎您!
大连网信软件有限公司© 版权所有